• 首页
  • 本馆介绍
  • 公告通知
  • 最新文献
  • 馆藏检索
  • 电子资源
  • 读者导购
  • 参考咨询
  • 我的图书馆
  • 登录
  • 详细信息显示
  • 放入我的书架
  • 预约/预借图书
  • 作者相关作品
  • 分类相关作品
  • 丛书相关作品
  • 出版社相关作品

书目信息

  • 表格格式
  • 工作单格式
  • 卡片格式
题名:
四书蕅益解
    
 
作者: 智旭 著 ;江谦 , 梅愚 补注
分册:  
出版信息: 武汉   崇文书局  2015
页数: 224页
开本: 23cm
丛书名: 禅解儒道丛书
单 册:
中图分类: B222.15
科图分类:
主题词: 儒家--ru jia
电子资源:
ISBN: 978-7-5403-3995-1
000 01013cam 2200301 450
001 1724523218
005 20161207151528.0
010    @a978-7-5403-3995-1@dCNY20.00
100    @a20151026d2015 em y0chiy50 ea
101 0  @achi
102    @aCN@b420000
105    @ay z 000yy
106    @ar
200 1  @a四书蕅益解@Asi shu ou yi jie@f[明] 蕅益著@g江谦补注@g梅愚点校
210    @a武汉@c崇文书局@d2015
215    @a224页@d23cm
225 2  @a禅解儒道丛书@Achan jie ru dao cong shu
314    @a智旭,明末僧人,俗姓钟,名际明,字蕅益,又名声,字振之,号八不道人
330    @a本书是蕅益大师对儒家四书的理解记录,从中读者可以领悟到由禅意注解儒家专著的独特之处。包括《论语点睛》、《中庸直指》、《大学直指》、《孟子择乳》几个部分。
410  0 @12001 @a禅解儒道丛书
605    @a四书@Asi shu@x研究
606 0  @a儒家@Aru jia
690    @aB222.15@v5
701  0 @a智旭@Azhi xu@4著
702  0 @a江谦@Ajiang qian@4补注
702  0 @a梅愚@Amei yu@4点校
801  0 @aCN@bWUL@c20151026
905    @aBZT@dB222.15@e1
    
    四书蕅益解/[明] 蕅益著/江谦补注/梅愚点校.-武汉:崇文书局,2015
    224页;23cm.-(禅解儒道丛书)
    
    
    ISBN 978-7-5403-3995-1:CNY20.00
    本书是蕅益大师对儒家四书的理解记录,从中读者可以领悟到由禅意注解儒家专著的独特之处。包括《论语点睛》、《中庸直指》、《大学直指》、《孟子择乳》几个部分。
●
相关链接 在五车中查询图书 在当当中查询图书 在豆瓣中查询图书


正题名:四书蕅益解     索取号:B222.15/1         预约/预借

序号 登录号 条形码 馆藏地/架位号 状态 备注
1 828158   2000828158   第二书库/ [索取号:B222.15/1] 在馆    
2 828159   2000828159   第二书库/ [索取号:B222.15/1] 在馆    
3 828160   2000828160   第二书库/ [索取号:B222.15/1] 在馆    
山东省滨州职业学院图书馆 欢迎您!
大连网信软件有限公司© 版权所有